000 00488nam a2200181Ia 4500
008 220204s9999 xx 000 0 und d
082 _a579
_bSHA
100 _aBOARD, R G
245 0 _aSafety in microbiology
260 _aLondon
_bAcademic
_c1972
490 _aSociety for applied bacteriology technical series no 6
650 _aAerosol sampling
650 _aMicrobiology
650 _aRadioactive isotope
650 _aStarter culture
700 _aSHAPTON, D A
942 _cBK
999 _c28634
_d28634